000 00505nam a2200181Ia 4500
003 GCL
008 140319s9999 xx 000 0 ara d
040 _aGCL /
_cGCL
082 0 4 _a811.9
_bع ق
100 1 _aعبدالله زريقة
245 1 0 _aفراشات سوداء /
_cعبدالله زريقة
260 _a[S.N] :
_bدار توبقال للنشر ،
_c1988
300 _a76 ص
490 _a
650 0 4 _aالشعر العربى
650 0 4 _aدواوين وقصائد
942 _2ddc
_cBK
999 _c58431
_d58431